| 000 | 00473nam a2200157 4500 | ||
|---|---|---|---|
| 999 |
_c5093 _d5093 |
||
| 008 | 201124b ||||| |||| 00| 0 eng d | ||
| 020 | _a0408007583 | ||
| 082 | 0 | 0 |
_a681.2 _bJ762 |
| 245 | 1 | 0 |
_aJone's instrument technology:electrical and radiation measurements- v.3 / _cedited by B. E. Noltingk |
| 250 | _a4th ed. | ||
| 260 |
_a[s. n.] _bELBS, _c1987. |
||
| 300 | _ax, 206 p. | ||
| 650 | 0 | _aMeasuring Instruments | |
| 700 |
_94058 _aNoltingk, B. E _eeditor |
||
| 942 |
_2ddc _cBK |
||